000 00654nam a2200205Ia 4500
003 GCL
008 140319s9999 xx 000 0 ara d
040 _aGCL /
_cGCL
082 0 4 _a811.5
_bع د
100 1 _aعلى نجيب عطوى
245 1 0 _aديوان التهامى /
_cعلى نجيب عطوى
700 1 _aالتهامى , ابوالحسن على بن محم
260 _a[S.N] :
_bدار مكتبة الهلال للطباعة والنشر
300 _a506 ص
490 _a
650 0 4 _aالشعر العربى
650 0 4 _aدواوين وقصائد
650 0 4 _aالدولة العباسية الثالثة
942 _2ddc
_cBK
999 _c55984
_d55984